000 00980nam a2200301 4500
003 EG-GICUC
005 20260408153837.0
008 260408s1936 it |||f |||| 00| 0 ita d
040 _a EG-GICUC
_bita
_c EG-GICUC
_d EG-GICUC
_erda
082 0 4 _a341.1
_bQ U . S
_221
092 0 4 _221
099 _aLaw1 11 341.1 Q U . S 1936
100 1 _aQuadri Rolando
_eAuthor.
110 _kStudi Di Diritto Pubblico
245 3 _aLa Sudditanza Nel Diritto Internazionale /
_cdi Rolando Quadri.
264 _aCedam:
_bCasa Editrice Dott. Antonio Milani,
_c1936.
300 _a325 Pages ;
_c24 Cm.
_billustrations,
336 _2rda content
_atext
337 _2rda media
_aComputer
338 _2rda carrier
_aOnline Resource
504 _aBibliography: pages 200-250.
546 _a Text in Italian
650 1 4 _a Droit international public
_2qrmak
651 1 _2qrmak
856 4 0 _uhttps://fll.law.cu.edu.eg/fulltext/bks/B11-06826.pdf
905 _a64
942 _2ddc
_cBK
_e21
_n0
999 _c69758
_d69758